Culture Générale - Série 1837 - Statistiques

Statistiques générales
  • Ce quiz a été pris 128 fois
  • Le résultat moyen est 6 sur 10
Statistiques - réponses
Question Réponse % Correct
Dans la religion chrétienne, quel nom donne-t-on au dernier repas que Jésus-Christ prit avec les douze apôtres le soir du Jeudi saint ? cène
88%
Dans quelle ville européenne se déroule chaque année le festival international du film "La Mostra"? Venise
85%
Quel acronyme désigne la principale ligue de basket-ball au monde qui compte 30 équipes aux Etats Unis ? NBA
84%
Comment appelle-t-on la fine membrane située entre le vagin et la vulve qui se rompt généralement lors du premier rapport sexuel ? hymen
83%
Quel verbe, issu de l'anglais, signifie entraîner, diriger (une équipe, un sportif) ? coacher
80%
Selon la légende, Ménélik 1er serait le fils du roi Salomon et de la reine de .... Saba
57%
De quel pays la danse appelée "csardas" ou czardas" serait-elle originaire ? Hongrie
48%
Dans quel pays se trouve le volcan "mont Apo" ? Philippines
14%
Quelle rivière traverse la ville française de Béziers ? orb
13%
Le ceteau ou seteau est un poisson de mer (voir photo) que l'on appelle parfois "langue d'.... avocat
2%
Aucun quiz correspondant
Distribution des résultats
% des personnes avec chaque résultat
Percentile par nombre de réponses
Votre historique - résultats
Vous n’avez pas pris ce quiz